| 000 | 00729nam a2200205 i 4500 | ||
|---|---|---|---|
| 001 | 29200 | ||
| 003 | ES-MaACL | ||
| 005 | 20230906154005.0 | ||
| 007 | t| | ||
| 008 | 030121s1935 fr ||||1| fre d | ||
| 100 | 1 |
_aBardy, Gustave. _925601 |
|
| 245 | 1 | 3 |
_aLe Christ _b: encyclopedie populaire des connaissances christologiques / _cpubliée sous la direction de M. l'abbe Gustave Bardy et de M. l'Abbé A Triest avec le concurs de M. l'Abbé R. Aigrain ; preface de M. Pic. |
| 260 |
_aParís : _bBloud and Gay, _c1935. |
||
| 300 |
_a1264 p. ; _c20 cm. |
||
| 650 | 0 | 4 |
_aCristología. _911443 |
| 700 | 1 |
_aTriest, A. _9111400 |
|
| 700 | 1 |
_aAigrain, René. _918961 |
|
| 700 | 1 |
_aPic, Camille. _991762 |
|
| 852 |
_aES-MaACL _jA-4352 |
||
| 999 |
_c29200 _d29200 |
||